MARC

LEADER 00000nam0a2200000 4500
001 56846
005 20231031053744.0
035 |a (RuTPU)RU\TPU\book\59707 
090 |a 56846 
100 |a 20031010d1979 m y0rusy50 ca 
101 0 |a rus 
102 |a RU 
105 |a a j 001zy 
200 1 |a Газотурбинные установки  |e учебное пособие  |f А. Г. Костюк, А. Н. Шерстюк 
210 |a Москва  |c Высшая школа  |d 1979 
215 |a 254 с.  |c ил. 
320 |a Библиогр.: с. 251-254. 
610 1 |a газотурбинные установки 
610 1 |a учебные пособия 
610 1 |a расчет 
610 1 |a применение 
610 1 |a тепловые процессы 
610 1 |a камеры сгорания 
610 1 |a компрессорные машины 
610 1 |a охлаждение 
610 1 |a температура 
610 1 |a температура 
610 1 |a теплоэнергетика 
675 |a 621.438(075.8)  |v 3 
700 1 |a Костюк  |b А. Г.  |g Аскольд Глебович 
701 1 |a Шерстюк  |b А. Н.  |g Александр Николаевич 
801 1 |a RU  |b 63413507  |c 20031010  |g PSBO 
801 2 |a RU  |b 63413507  |c 20201028  |g PSBO 
900 |a Газотурбинные установки нефтегазопроводов 
900 |a Теплоэнергетические системы и энергетические балансы п 
900 |a Теплоэнергетические системы промышленных предприятий 
900 |a Газотурбинные установки 
900 |a Турбины тепловых и атомных электростанций 
942 |c BK 
952 |a 550900  |b 100000